<?xml version="1.0" encoding="UTF-8"?>
<marc:record xmlns:marc="http://www.loc.gov/MARC21/slim">
   <marc:leader>00000nam a2200000 a 4500</marc:leader>
   <marc:datafield ind1="1" ind2=" " tag="100">
      <marc:subfield code="a">Krizsanits, Brigitte</marc:subfield>
      <marc:subfield code="4">aut</marc:subfield>
      <marc:subfield code="e">Verfasser/-in</marc:subfield>
   </marc:datafield>
   <marc:datafield ind1="1" ind2=" " tag="100">
      <marc:subfield code="a">Horvath, Manfred</marc:subfield>
      <marc:subfield code="4">aut</marc:subfield>
      <marc:subfield code="e">Verfasser/-in</marc:subfield>
   </marc:datafield>
   <marc:datafield ind1=" " ind2=" " tag="653">
      <marc:subfield code="a">Heimatkunde</marc:subfield>
   </marc:datafield>
   <marc:datafield ind1=" " ind2=" " tag="653">
      <marc:subfield code="a">Softcover / Reisen/Bildbände</marc:subfield>
   </marc:datafield>
   <marc:datafield ind1=" " ind2=" " tag="653">
      <marc:subfield code="a">Bildband</marc:subfield>
   </marc:datafield>
   <marc:datafield ind1="0" ind2="0" tag="245">
      <marc:subfield code="a">Das Leithagebirge</marc:subfield>
   </marc:datafield>
   <marc:datafield ind1="0" ind2="0" tag="245">
      <marc:subfield code="b">Grenze und Verbindung</marc:subfield>
   </marc:datafield>
   <marc:datafield ind1="0" ind2="0" tag="245">
      <marc:subfield code="c">Brigitte Krizsanits ; Manfred Horvath</marc:subfield>
   </marc:datafield>
   <marc:datafield ind1=" " ind2="1" tag="264">
      <marc:subfield code="a">Weitra</marc:subfield>
      <marc:subfield code="b">Verl. Bibliothek der Provinz</marc:subfield>
      <marc:subfield code="c">2012</marc:subfield>
   </marc:datafield>
   <marc:datafield ind1="1" ind2=" " tag="520">
      <marc:subfield code="a">Angaben aus der Verlagsmeldung

Das Leithagebirge : Grenze und Verbindung / von Brigitte Krizsanits

Die Textautorin Brigitte Krizsanits und der Fotograf Manfred Horvath erkunden das Leithagebirge ober- und unterirdisch, sie durchwandern es auf Waldpfaden, Wallfahrerrouten und Wasserwegen. Landschaften und Lebensträume öffnen sich: Der fürstliche Landschaftsgarten, eine "Wüste", Trockenrasen, Freuchtbiotope und der sich stets wandelnde Wald.
Die Autoren nehmen am Kirschenbrocken teil, an der Weinlese und am Sautanz. Beim Steinbrechen und bei der Holzbringung sind sie dabei.
Sie laben sich an Bründln und Quellen und kehren in Maler- und Bildhauerateliers ein. Eingebettet ist dieser Rundgang um und durch das Leithagebirge in zwei wunderschöne Sagen.
</marc:subfield>
   </marc:datafield>
   <marc:datafield ind1=" " ind2=" " tag="020">
      <marc:subfield code="a">9783990281727</marc:subfield>
      <marc:subfield code="9">9783990281727</marc:subfield>
   </marc:datafield>
   <marc:datafield ind1=" " ind2=" " tag="020">
      <marc:subfield code="a">3990281720</marc:subfield>
      <marc:subfield code="9">3990281720</marc:subfield>
   </marc:datafield>
   <marc:datafield ind1=" " ind2=" " tag="041">
      <marc:subfield code="a">ger</marc:subfield>
   </marc:datafield>
   <marc:datafield ind1=" " ind2=" " tag="300">
      <marc:subfield code="a">231 S.</marc:subfield>
   </marc:datafield>
</marc:record>
